LEADER 01142nam a2200241 4500 001 000000365574 003 CaOOAMICUS 005 20251203170132.0 008 251203s1995 it a 000 u ita r 040 $aSeMil$bita 100 1 $aAcher-Marinelli, Marco.$0(OLS)http://semarc/name/123393 245 10$a3V, Via Verde Varesina :$bescursionismo e cultura nelle Prealpi varesine /$cMarco Acher-Marinelli ; foto di Eugenio Manghi. 264 1$aVarese :$bPubblinova edizioni Negri,$c1995. 300 $a141 p. :$bill. ;$c23 cm 650 4$aAlpi - Prealpi - Guide.$0(OLS)http://semarc/subject/8724 650 4$aVarese - Guide.$0(OLS)http://semarc/subject/44738 700 1 $aManghi, Eugenio.$0(OLS)http://semarc/name/55214 850 $aSeMil 852 $aSeMil$W1$xVenegono$y1$m4Y IV 254$j265111$B256400$CSeMilBibl$Z2$F256400 $81 961 $aCaspani Maurizio - Lascito 996 $6245$a3V, Via Verde Varesina :$bescursionismo e cultura nelle Prealpi varesine$9(OLS)http://semarc/title/457191 996 $6264$aVarese :$bPubblinova edizioni Negri$9(OLS)http://semarc/publisher/62762 LEADER 01968nam a2200409 i 4500 001 000000256439 003 CaOOAMICUS 005 20190725102614.0 008 171204s1976 it u000 u ita u 013 $a235347 040 $aSeMil$bita 100 1 $aCarli, Renzo.$0(OLS)http://semarc/name/16193 245 10$aPreti out :$bperchč i religiosi lasciano il convento /$cR. Carli, P. Colella, C. Crocella ... [et al.] ; a cura di Cesare Milaneschi. 260 $aGenova :$bLanterna,$c1976. 300 $a189 p. ;$c22 cm. 490 0 $aDocumenti ;$v5 650 4$aSacerdozio - Crisi - Fede - Aspetti psicologici.$0(OLS)http://semarc/subject/35609 700 1 $aMilaneschi, Cesare.$0(OLS)http://semarc/name/86397 700 1 $aCrocella, Carlo <1942- >.$0(OLS)http://semarc/name/90588 700 1 $aColella, Pasquale.$0(OLS)http://semarc/name/87068 774 0 $tPrefazione.$w()329355 774 0 $tIntroduzione.$w()329356 774 0 $tCrisi dell'ex religioso e dell'ex sacerdote rivela una pił vasta crisi ecclesiale.$w()329357 774 0 $tCause dell'esodo dagli ordini e Istituti religiosi.$w()329358 774 0 $tSul problema dell'uscita dei religiosi dal loro "status".$w()329359 774 0 $tSituazione di antinomia dell'ex religioso sul piano sociale e teologico.$w()329360 774 0 $tConflitti personali e crisi di fede nell'ex religioso.$w()329361 774 0 $tUscite dalla vita religiosa.$w()329362 774 0 $tEmarginazione dell'ex nella chiesa e nella societą.$w()329363 774 0 $tTestimonianze.$w()329364 830 0$aDocumenti ;$v5.$0(OLS)http://semarc/title/424905 850 $aSeMil 852 $aSeMil$W1$xVenegono$y1$m2F III 629$j206785$B206785$CSeMilBibl$Z2$F220263 $81 961 $aOmaggio: Altro 996 $6245$aPreti out :$bperchč i religiosi lasciano il convento$9(OLS)http://semarc/title/412251 996 $6260$aGenova :$bLanterna$9(OLS)http://semarc/publisher/32242